000 00544nam a2200157 4500
001 116603
003 ES-MaACL
007 t|
008 061121s1974 sp r ||||1| spa d
100 1 _aOtero Moreno, José María.
_987912
245 1 0 _aRetardos en el comportamiento económico /
_cpor José María Otero Moreno.
260 _aMadrid :
_bInstituto Iberoamericano de Desarrollo Económico,
_c1974.
300 _a222 p. ;
_c19 cm.
710 2 _aInstituto Iberoamericano de Desarrollo Económico.
_95090
852 _aES-MaACL
_jE-6670
_bR.90551
999 _c116603
_d116603